| 000 | 00938nam a2200229Ia 4500 | ||
|---|---|---|---|
| 003 | OSt | ||
| 005 | 20210719093106.0 | ||
| 008 | 210310q1998 ck ad fr 000 0 spa d | ||
| 020 | _a958800716X | ||
| 040 |
_aCO-JMCR _cCO-JMCR |
||
| 041 | 0 | _aspa | |
| 082 | 0 | 4 |
_a364.168 / _bS959p _223 |
| 110 | 2 |
_aColombia. _bSuperintendencia de Valores _95896 |
|
| 245 | 1 | 0 |
_aPrevención de actividades delictivas a través del mercado de valores / _cSuperintendencia de Valores |
| 260 |
_aBogotá : _bSuperintendencia de Valores, _c[1998] |
||
| 300 |
_a37 páginas : _bilustraciones y gráficas a color ; _c23 cm. |
||
| 505 | 0 | _aControles generales -- Controles especiales -- Controles especiales para la bolsa de valores -- Controles especiales para los emisores de valores | |
| 650 | 1 | 4 |
_aMercado de valores _916295 _zColombia |
| 650 | 2 | 4 |
_aDelitos económicos _xPrevención _938537 |
| 650 | 2 | 4 |
_aLavado de dinero _xPrevención _938538 |
| 942 |
_2ddc _cBK |
||
| 999 |
_c8086 _d8086 |
||